000 00818nam a2200181Ia 4500
008 151202s9999||||xx |||||||||||||| ||und||
082 _bPNVM-64701
100 _aगार्डनर अर्ल स्टेनले / अनु. हुद्दार मधुकर.
245 _aद मास्टर प्लॅन.
260 _b"सुपर्ण प्रकाशन, पुणे."
260 _c2006
300 _a188
600 _aगार्डनर अर्ल स्टेनले / अनु. हुद्दार मधुकर.
630 _aद मास्टर प्लॅन.
700 _aगार्डनर अर्ल स्टेनले / अनु. हुद्दार मधुकर.
730 _aद मास्टर प्लॅन.
942 _cBOOK
999 _c1331234
_d1331231